Colapso de tubos sometidos a un anillo de carga, mediante optimización
Guardado en:
| Autor principal: | |
|---|---|
| Otros Autores: | , |
| Formato: | Libro |
| Lenguaje: | Portuguese |
| Publicado: |
Rio de Janeiro : Laboratorio de Computacao Cientifica
1982
|
| Materias: | |
| Etiquetas: |
Agregar Etiqueta
Sin Etiquetas, Sea el primero en etiquetar este registro!
|
MARC
| LEADER | 00000nam a2200000Ia 4500 | ||
|---|---|---|---|
| 003 | 000277 | ||
| 005 | 20221231144007.0 | ||
| 008 | 140114s1982 bl a 000 0 por d | ||
| 040 | |c cru CEDI | ||
| 082 | |a 669 Z91c | ||
| 100 | |a Zouain, Néstor |9 18473 | ||
| 245 | |a Colapso de tubos sometidos a un anillo de carga, mediante optimización | ||
| 260 | |a Rio de Janeiro : Laboratorio de Computacao Cientifica |c 1982 | ||
| 300 | |a 22 páginas : ilustraciones | ||
| 500 | |a A ser presentado en el III Congreso Latino Americano sobre Métodos Computacionales en Ingeniería, 10-12 mayo, 1982, Buenos Aires, Argentina | ||
| 650 | |x PRUEBAS |x TUBERIAS |9 18476 | ||
| 700 | |9 18474 |a Taroco, Edgardo | ||
| 700 | |9 18475 |a Feijoo, Raúl A. | ||
| 942 | |2 ddc |c BK | ||
| 999 | |c 15316 |d 15316 | ||
